| 000 | 00738nam a22001937a 4500 | ||
|---|---|---|---|
| 003 | OSt | ||
| 005 | 20250211161349.0 | ||
| 008 | 241004b |||||||| |||| 00| 0 eng d | ||
| 040 | _c0 | ||
| 100 |
_aFuentes, Kent M. _eauthor. _962300 |
||
| 245 |
_aCapability of barangay officials on the local budgeting process / _cKent M. Fuentes, Liza Mae M. Maon, and Viola P. Buenaventura. |
||
| 260 |
_aPhilippines ; _bUniversity of Mindanao, _c2022. |
||
| 300 |
_avolume 14, pages 111-135, _billustration. |
||
| 500 | _aResearch Journal, v. 13, iss. 1, pages 111-135, 2022. | ||
| 700 |
_aFuentes, Kent M. _eauthor. _962300 |
||
| 700 |
_aMaon, Liza Mae M. _eauthor. _965034 |
||
| 700 |
_aBuenaventura, Viola P. _eauthor. _965035 |
||
| 942 |
_2ddc _cPER |
||
| 999 |
_c22237 _d22237 |
||